000 00334 a2200145 4500
005 20250317102608.0
020 _a0 406 21409 3
082 _a348.022 HAL
245 _aHalsbury's Statutes
250 _a4th Ed.
260 _aLondon,
_bButterworths,
_c1993.
300 _a1955p.
_bIndex.
_c26cm.
700 _aDAVIES, A.
942 _2ddc
_cBKS
999 _c757
_d757